[Event "Chigorin Memorial 23rd"]
[Site "St Petersburg"]
[Date "2015.10.05"]
[Round "3"]
[White "Petrov, Dmitri"]
[Black "Levin, Evgeny A"]
[Result "0-1"]
[WhiteElo "2245"]
[BlackElo "2508"]
[PlyCount "44"]
[EventDate "2015.10.03"]
[EventType "swiss"]
[EventRounds "9"]
[EventCountry "RUS"]
[SourceTitle "CBM 168 Extra"]
[Source "ChessBase"]
[SourceDate "2015.10.29"]
[SourceVersion "1"]
[SourceVersionDate "2015.10.29"]
[SourceQuality "1"]

1. e4 c5 2. Nf3 e6 3. d4 cxd4 4. Nxd4 a6 5. Bd3 Ne7 6. 0-0 Nbc6 7. Be3 Nxd4 8. Bxd4 Nc6 9. Bc3 b5 10. a3 e5 11. b4 Be7 12. a4 Rb8 13. axb5 axb5 14. Qe2 Bxb4 15. Bxb5 Bxc3 16. Nxc3 0-0 17. Qd3 Nd4 18. Bc4 Rb2 19. Rfc1 d6 20. Ne2 Nxe2+ 21. Qxe2 Qb6 22. Bb3 Qxb3 0-1